000 00543nam a22001697a 4500
005 20230119103301.0
008 210227b ||||| |||| 00| 0 eng d
020 _a97893848775299
041 _aeng
082 _a612 CHA-B
100 _aCHAUDHARY, PREETI MISHRA RAKHI AND AHMAD SHAMIM
_96405
245 _aBASIC APPREHENSION OF HUMAN ANATOMY AND PHYSIOLOGY-I
_cPREETI CHAUDHARY RAKHI MISHRA SHAMIM AHMAD
260 _aMODINAGAR
_bUNNATI PUBLICATION
_c2019
300 _a302 P.
650 _aPHARMACY
_xB.PHARMA & D.PHARMA
_97472
942 _cBK
999 _c7479
_d7477